00554cam a22001812 4500001001100000005001700011008004100028020001700069040001500086100003400101245007400135250001300209260003800222300001800260650005900278700003200337852000300369000001214020151217152107.0090208s xx 000 0 eng d a0421924307 : aKABUcKABU1 aWallace, Rebecca.@000016834310aInternational law in a nutshell /cRebecca Wallace and Anne Holliday. a1st ed. aLondon :bSweet & Maxwell,c2006. axiii, 149 p. 0aInternational lawxOutlines, syllabi, etc.@00001683441 aHolliday, Anne.@00001683451